Correspondance D'Un Habitant De Paris, Avec Ses Amis De Suisse Et D'Angleterre

Bibliographic Details
Main Author: Escherny, François Louis de (Author)
Corporate Author: Desenne, Victor (Paríž, Francúzsko) (Printer)
Other Authors: Desenne, Victor, 1750-1899 (Printer)
Format: Book
Language:French
PhysicalDescription:v, 474 strán, 2 nečíslované strany 21‬ cm‬
Subjects:

MARC

LEADER 00000nam a2200000 4500
001 vtls012150564
003 SK-MaSNL
005 20260301060019.0
008 220930t1791 fr a r 00| 0 fre
015 |a SNBHFA1791 
040 |a SNKHF  |b slo  |c SNK  |e rda 
041 |a fre 
044 |a fr  |c FR 
072 7 |a 93/94  |x Dejiny (všeobecne)  |2 konspekt 
080 |a 93/94  |2 2011 
100 1 |a Escherny, François Louis de  |4 aut  |9 370538 
245 1 0 |a Correspondance D'Un Habitant De Paris,  |b Avec Ses Amis De Suisse Et D'Angleterre 
264 3 |a A Paris  |b Chez Desenne, n°. 1, Gattey n° 14, Libraires au Palais-royal  |c M.DCC.XCI (1791) 
300 |a v, 474 strán, 2 nečíslované strany  |c 21‬ cm‬ 
336 |a text  |b txt  |2 rdacontent 
337 |a bez média  |b n  |2 rdamedia 
338 |a zväzok  |b nc  |2 rdacarier 
500 |a Ilustrovaný titulný list, kustódy 
504 |a Tlačené vysvetlivky a komentáre pod textom 
563 |a Väzba pôvodná, kožená, tvrdá väzba.  |5 SNK IC 145630 
650 0 7 |a dejiny  |2 SNKPH  |9 3825 
700 1 |a Desenne, Victor,  |d 1750-1899  |4 prt  |9 370539 
700 1 |a Gattey, François-Charles,  |d 1756-1794  |4 pbl  |9 370540 
710 0 |a Desenne, Victor (Paríž, Francúzsko),  |d 1776-1815  |4 prt  |9 218281 
752 |a Francúzsko  |d Paríž 
852 |a snk  |b Aponiovská knižnica  |p IC 145630 
958 |a DD 
958 |a ONDV 
999 |c 614713  |d 616643 
952 |t Op. XXVII/103  |a SNK  |b SNK  |c SNK_HF  |y PREZ  |7 0  |p 17A1398961  |o snkIC 145630  |i snk2022/15005  |8 5  |0 0  |1 0  |4 0  |d 2022-09-30  |l 0  |r 2026-02-23 16:35:06  |w 2026-02-23